00487nam a2200205Ia 4500008004100000020001800041050001400059100002200073245003100095245002500126260001500151260001600166260000900182300001600191300002500207300001000232300002400242440000700266500000800273170918s9999 xx 000 0 und d a9780545103718 bS857 2010 aStilton, Geronimo aMighty Mount Kilimanjaro / cby Geronimo Stilton. aNew York : bScholastic, c2010 a109 pages : bcolor illustration ; c19cm. eGeronimo Stilton ;  a41 a600